| 000 | 01232cam a22003132i 4500 | ||
|---|---|---|---|
| 001 | 25838 | ||
| 003 | BD-RjUL | ||
| 005 | 20211209050932.0 | ||
| 008 | 140319s1958 - abfj 000 0beng d | ||
| 035 | _a(BD-RjUL)25908 | ||
| 040 |
_aDLC _cVVB _dVVB _dUKM _dBD-RjUL _beng |
||
| 041 | 1 | _aengper | |
| 082 |
_a950 _218 _bJUH 1958 |
||
| 090 |
_aDS22 _b.J613 |
||
| 100 | 1 |
_aJuveynī, ʿAlāʼ al-Dīn ʿAṭā Malek, _d1226-1283. _979389 |
|
| 245 | 1 | 4 |
_aThe history of the World-conqueror / _cby ʿAla-ad-Din ʿAta-Malik Juvaini. Translated from the text of Mirza Muhammad Qazvini by John Andrew Boyle _nVolume I |
| 260 |
_aManchester : _bManchester University Press, _cc1958. |
||
| 300 |
_axlv, 361 p. : _bplates, fold, maps, geneal. tables ; _c23 cm |
||
| 490 | 1 | _aUNESCO collection of representative works. Persian series | |
| 500 | _aTranslated from Persian. (Transliterated : Tarīkh-e Jahāngoshā) | ||
| 504 | _aBibliography: v. 1, p. xxxix-xiv | ||
| 600 | 0 | 0 |
_aGenghis Khan, _d1162-1227. _979399 |
| 650 |
_aGenghis Khan, _979391 |
||
| 700 | 1 |
_aBoyle, John Andrew. _9503 |
|
| 830 | 0 |
_aUNESCO collection of representative works. _979400 |
|
| 942 |
_2ddc _cBK |
||
| 999 |
_c25838 _d25838 |
||